| 000 | 00640cam a2200217 4500 | ||
|---|---|---|---|
| 001 | J64680 | ||
| 008 | 000000n2001 000 0 eng u | ||
| 035 | _a(Sirsi) u113669 | ||
| 041 | _aeng | ||
| 050 | _a333.33 | ||
| 110 |
_aHM Land Registry _91247 |
||
| 245 | _aResidential property price report January - March; April-June; July-Sept; Oct-Dec 2001 | ||
| 260 |
_aLondon _bHM Land Registry _c2001 |
||
| 300 | _a4 pt ; 30cm. | ||
| 650 | _aHOUSE PRICES | ||
| 650 | _aHOUSING MARKET | ||
| 650 | _aPRICES | ||
| 650 |
_aRESIDENTIAL PROPERTY _96266 |
||
| 690 | _aPROPERTY-RESIDENTIAL PROPERTY-RESIDENTIAL PROPERTY MARKET | ||
| 942 | _n0 | ||
| 999 |
_c101535 _d101535 |
||